| 000 | 00735cam a2200241 4500 | ||
|---|---|---|---|
| 001 | 4575873 | ||
| 003 | ARRUPE | ||
| 005 | 20150116175238.0 | ||
| 008 | 760527s1961 mw c 100 0 eng | ||
| 010 | _a 74191172 | ||
| 040 |
_aDLC _cDLC _dDLC |
||
| 043 | _af-mw--- | ||
| 050 | 0 | 0 |
_aSPC JQ2941.A98 _bM3 1961 |
| 082 | 0 | 0 | _a324.26897/083 |
| 110 | 2 |
_aMalawi Congress Party. _914176 |
|
| 245 | 1 | 0 | _aMalawi Congress Party manifesto, general election, 1961. |
| 260 |
_a[Limbe, Nyasaland, _c1961 _bMalawi Congress Party |
||
| 300 |
_a16 p. _bport. _c21 cm. |
||
| 610 | 2 | 0 |
_aMalawi Congress Party. _914177 |
| 651 | 0 |
_aMalawi _xPolitics and government. _914178 |
|
| 906 |
_a7 _bcbc _corignew _du _encip _f19 _gy-gencatlg |
||
| 942 |
_2lcc _cSPC |
||
| 999 |
_c121748 _d121748 |
||